Statistiques concernant Scientifiques par lettre - U/V/W/X/Y/Z

Cliquez ici pour prendre le quiz!

Statistiques générales

  • Ce quiz a été pris 51 fois
  • Le résultat moyen est 4 sur 11

Statistiques - réponses

IndiceRéponse% Correct
VItalien inventeur de la pile électrique, l'unité de tension porte son nomAlessandro Volta
98%
WInventeur de la machine à vapeurJames Watt
76%
VMathématicien et député français contemporainCédric Villani
56%
YSon expérience avec des fentes met en évidence les interférences de la lumièreThomas Young
54%
YPremier chinois à avoir eu le prix Nobel de physique, il est spécialiste de physique statistique et physique des particulesChen Ning Yang
38%
VIl a découvert un effet qui porte son nom entre la vitesse d'un fluide et sa pressionGiovanni Battista Venturi
30%
Wλmax.T = constanteWilhelm Wien
26%
WÀ l'origine d'une fonction continue partout mais dérivable nulle partKarl Weierstrass
22%
WPhysicien prussien qui a joué un rôle décisif dans l'invention du télégraphe électrique. L'unité du flux d'induction magnétique porte son nomWilhelm Eduard Weber
18%
ZSous l'effet d'un champ magnétique externe, il y a levée de dégénérescence des niveaux énergétiquesPietr Zeeman
6%
UAvec Samuel Goudsmit, il a mis en évidence le spin de l'électronGeorge Uhlenbeck
4%

Distribution des résultats

Percentile par nombre de réponses

% des personnes avec chaque résultat

Votre développement - résultats

Vous n’avez pas pris ce quiz